Graphics : a century of poster and advertising design
Αποθηκεύτηκε σε:
| Κύριος συγγραφέας: | |
|---|---|
| Μορφή: | Βιβλίο |
| Γλώσσα: | English |
| Δημοσίευση: |
London :
Thames & Hudson,
c2004
|
| Σειρά: | New horizons (London, England)
|
| Θέματα: | |
| Ετικέτες: |
Προσθήκη ετικέτας
Δεν υπάρχουν, Καταχωρήστε ετικέτα πρώτοι!
|
MARC
| LEADER | 00000cam a2200000 i 4500 | ||
|---|---|---|---|
| 001 | 1/25601 | ||
| 008 | 130207s2004 eng d | ||
| 020 | |a 0-500-30116-6 | ||
| 035 | |l 10113674 | ||
| 040 | |a GR-MY-UA |b gre |e aacr | ||
| 041 | 0 | |a eng | |
| 082 | 0 | |a 741.67 |2 (22) | |
| 100 | 1 | |a Weill, Alain |d 1946- | |
| 245 | 1 | 0 | |a Graphics : |b a century of poster and advertising design / |c Alain Weill |
| 260 | |a London : |b Thames & Hudson, |c c2004 | ||
| 300 | |a 159 σ.; |b έγχρ. εικ.; |c 18 εκ. | ||
| 490 | 1 | |a New horizons | |
| 504 | |a Βιβλιογραφία: σ. 144-145. Ευρετήριο | ||
| 650 | 0 | 0 | |a Commercial art |x History |y 20th century. |
| 650 | 0 | 0 | |a Graphic arts |x History |y 20th century. |
| 650 | 0 | 0 | |a Posters |y 20th century. |
| 830 | 0 | |a New horizons (London, England) | |
| 852 | |a INST |b SYROS |e 20130207 |h 741.67 WEI |p 005500010533 |q 005500010533 |t BK |y 0 | ||
| 901 | |a BIBL5-2013-1 | ||
| 909 | |a Ε |b 174047 | ||
| 970 | |a ΚΟΝΤΟΥ |b ΠΑΡΑΣΚΕΥΗ |z 2013/02/07 | ||